000
00299nam a22001337a 4500
008
170321b xxu||||| |||| 00| 0 eng d
020
_a
9788847004979
041
_a
eng
080
_a
616.12-008-073
100
_a
7
101
_a
SHM
245
_a
NATRIURETIC PEPTIDES
_c
CLERICO, A
942
_2
udc
_c
BK
999
_c
8292
_d
8292